000 00482nam a2200181Ia 4500
001 10676
005 20260306161849.0
008 260306t2006||||xx |||||||||||||| ||spa||
041 _aESP
082 _a946.06
_bF81
100 _aFraser, Ronald
_eAUT
245 0 _aLa maldita guerra de España:
_bHistoria social de la guerra de la independencia 1808-1814
260 _c2006
300 _a932 páginas :
_c24 cm.
650 _aGEN
654 _aCHU
942 _cLIB
_dJUS
_fJUS
_2ddc
_n
999 _c10676
_d10676